Robert Pattinson Filmography - Sudden Death - Statistics

General Stats
  • This quiz has been taken 113 times
  • The average score is 7 of 20
Answers on the Grid
Answers color-coded by a green-red scale on the quiz's grid according to % correct below.
Batman Begins
Beau Travail
Bel Ami
Cosmopolis
Dunkirk
Good Time
Harry Potter and the Goblet of Fire
Harry Potter and the Prisoner of Azkaban
High Life
Maps to the Stars
Mickey 17
Mickey 18
Oppenheimer
Remember Me
Snowpiercer
Tenet
The Batman
The Devil All the Time
The King
The Lighthouse
The Lost City of Z
The Shape of Water
The Twilight Saga: Breaking Dawn – Part 1
The Twilight Saga: Breaking Dawn – Part 2
The Twilight Saga: Breaking Dawn – Part 3
The Twilight Saga: Eclipse
The Twilight Saga: New Moon
Twilight
Uncut Gems
Water for Elephants
 
Answer Stats
Answer % Correct
The Twilight Saga: Breaking Dawn – Part 2
66%
Mickey 17
59%
The Twilight Saga: Eclipse
50%
The Lighthouse
47%
The Twilight Saga: Breaking Dawn – Part 1
47%
The Twilight Saga: New Moon
47%
The Batman
41%
Twilight
41%
Tenet
38%
Harry Potter and the Goblet of Fire
34%
Remember Me
31%
The Devil All the Time
31%
Good Time
28%
Cosmopolis
22%
The King
22%
High Life
19%
The Lost City of Z
19%
Water for Elephants
16%
Bel Ami
13%
Maps to the Stars
9%
No matching quizzes found
Score Distribution
Percent of People with Each Score
Percentile by Number Answered
Your Score History
You have not taken this quiz